Policy Advisory Systems Supporting Good Governance and Sound Public Decision Making

Guardado en:
Detalles Bibliográficos
Formato: Libro
Lenguaje:inglés
Publicado: Paris OECD 2017
Colección:OECD Public Governance Reviews
Materias:
Etiquetas: Agregar Etiqueta
Sin Etiquetas, Sea el primero en etiquetar este registro!

MARC

LEADER 00000nam a2200000 4500
001 0240979
005 20240314123415.1
020 |a 978-92-64-28365-7 
041 0 |a eng 
044 |a FR 
245 1 0 |a Policy Advisory Systems  |b Supporting Good Governance and Sound Public Decision Making 
264 1 |a Paris  |b OECD  |c 2017 
300 |a 100 s. 
490 1 |a OECD Public Governance Reviews 
830 0 |a OECD Public Governance Reviews 
610 2 0 |a správa štátna 
610 2 0 |a správa verejná 
610 2 0 |a služby verejné 
610 2 0 |a služby obyvateľstvu